00648nam a22001457a 4500003000500000040000600005082001600011100002800027245010700055264003500162300001100197505023400208650002000442700004000462NUST a0 a621.382,MUG aMughal, Muhammad Bilal  aIMSI Catcher /cGC M Bilal Mughal, GC Afaq Ahmad, GC Faraz Kanwar and GC Khan Nabi. (TCC-31 / BETE-56) aRawalpindi bMCS (NUST) c2023 a86 p.; aIntroduction (Page-11), Literature Review (Page-22), Methodology (Page-31), Detailed Design and Architecture (Page-36), Implementation and Testing (Page-40), Results and Discussion (Page-75), Conclusion and Future Work (Page-79). aUG EE Project  aSupervised by Muhammad Imran Javaid